00385nam a2200121Ia 4500008004100000041000800041082001700049100002500066245006600091260003800157300001900195520004900214240719s9999 xx 000 0 und d aeng a338.5024 KUM aKumar Shiva S. N. V. aMacroeconomics And Policy For Managers An Indian Perspective  aNew DelhibCengage Learningc2019 a293.; P. 24 Cm aGifted By : IMT Faculty Prof. Sayan Banerjee